000 01192cam a22003133a 4500
001 14384
003 PGUSA
005 20140828083316.0
008 041220s2004||||xxu|||||s|||||000 | eng d
040 _aPGUSA
_beng
042 _adc
050 4 _aDU
100 1 _aO'Brien, Frederick,
_d1869-1932
245 1 0 _aWhite Shadows in the South Seas
_h[electronic resource] /
_cFrederick O'Brien
260 _bProject Gutenberg,
_c2004
506 _aPublic domain in the USA.
516 _aElectronic text
653 _aMarquesas Islands (French Polynesia) -- Civilization
653 _aO'Brien, Frederick, 1869-1932 -- Travel -- French Polynesia -- Marquesas Islands
653 _aHiva Oa (French Polynesia) -- Description and travel
653 _aMarquesas Islands (French Polynesia) -- Discovery and exploration
653 _aO'Brien, Frederick, 1869-1932 -- Diaries
653 _aMarquesas Islands (French Polynesia) -- Description and travel
653 _aHiva Oa (French Polynesia) -- Discovery and exploration
653 _aHiva Oa (French Polynesia) -- Civilization
830 0 _aProject Gutenberg
_v14384
856 4 0 _uhttp://www.gutenberg.org/ebooks/14384
942 _cEB
999 _c243639
_d243639